[Event "EuTCh"]
[Site "Leon ESP"]
[Date "2001.11.08"]
[Round "3"]
[White "O'Cinneide,M"]
[Black "Bayram,Y"]
[Result "0-1"]
[WhiteElo "2249"]
[BlackElo "2212"]
[EventDate "2001.11.06"]

1. c4 Nf6 2. g3 g6 3. Bg2 Bg7 4. Nc3 O-O 5. e4 c5 6. Nge2 Nc6 7. O-O d6 8.
d3 Rb8 9. Rb1 a6 10. a4 Nd7 11. Be3 Nd4 12. b4 Ne5 13. f3 Nec6 14. b5 axb5
15. axb5 Ne5 16. Kh1 Nxe2 17. Nxe2 Ra8 18. f4 Ng4 19. Bd2 Ra3 20. h3 Rxd3
21. hxg4 Bxg4 22. Qe1 e6 23. Ng1 d5 24. Bf3 h5 25. Bxg4 hxg4 26. Rc1 dxe4
27. Bc3 f5 28. Ne2 Kf7 29. Bxg7 Kxg7 30. Rd1 Qf6 31. Qa5 Rf7 32. Qa1 Rfd7
33. Qxf6+ Kxf6 34. Nc3 R7d4 35. Rxd3 exd3 36. Rd1 d2 37. Nb1 Rxc4 38. Nxd2
Rd4 39. Kg2 c4 0-1

[Event "EuTCh"]
[Site "Leon ESP"]
[Date "2001.11.09"]
[Round "4"]
[White "Lautier,J"]
[Black "Short,N"]
[Result "1/2-1/2"]
[WhiteElo "2653"]
[BlackElo "2675"]
[EventDate "2001.11.06"]

1. d4 Nf6 2. c4 e6 3. Nc3 Bb4 4. e3 b6 5. Nge2 Ne4 6. Bd2 Nxd2 7. Qxd2 O-O
8. a3 Be7 9. d5 Ba6 10. Ng3 d6 11. Be2 e5 12. e4 Bg5 13. Qc2 g6 14. b4 Bc8
15. Bd3 a5 16. O-O Na6 17. Rab1 h5 1/2-1/2

[Event "EuTCh"]
[Site "Leon ESP"]
[Date "2001.11.09"]
[Round "4"]
[White "Bischoff,K"]
[Black "Van den Doel,E"]
[Result "1-0"]
[WhiteElo "2541"]
[BlackElo "2583"]
[EventDate "2001.11.06"]

1. c4 e5 2. Nc3 Nf6 3. Nf3 Nc6 4. d3 d5 5. cxd5 Nxd5 6. e3 Be7 7. Be2 O-O
8. O-O Be6 9. Qc2 f5 10. a3 a5 11. Bd2 Kh8 12. Rac1 Bf6 13. Nxd5 Qxd5 14.
e4 Qd6 15. Be3 Rfd8 16. exf5 Bxf5 17. Rfd1 Qd5 18. Ne1 Nd4 19. Bxd4 Qxd4
20. Bf3 c6 21. Qe2 Qd7 22. h3 Rf8 23. Be4 Rae8 24. Bxf5 Qxf5 25. Rc4 Rd8
26. Re4 Rd4 27. Nf3 Rxe4 28. dxe4 Qe6 29. Qc2 Qe7 30. Qb3 h6 31. a4 Qc5 32.
g3 Bd8 33. Kg2 Bb6 34. Rd2 Rf6 35. Rc2 Qb4 36. Qxb4 axb4 37. Rc4 g5 38.
Rxb4 Bc5 39. Rxb7 h5 40. b4 Bxf2 41. Nxg5 1-0

[Event "EuTCh"]
[Site "Leon ESP"]
[Date "2001.11.09"]
[Round "4"]
[White "Papaioannou,I"]
[Black "Shirov,A"]
[Result "1/2-1/2"]
[WhiteElo "2591"]
[BlackElo "2706"]
[EventDate "2001.11.06"]

1. d4 d5 2. Nf3 c6 3. e3 Nf6 4. c4 Bf5 5. Bd3 Bxd3 6. Qxd3 e6 7. O-O Nbd7
8. Nbd2 Be7 9. e4 dxc4 10. Qxc4 O-O 11. b3 Rc8 12. Bb2 c5 13. Qb5 cxd4 14.
Bxd4 Bc5 15. Bxf6 Nxf6 16. e5 Qd7 17. Qxd7 Nxd7 18. Rac1 Nb6 19. Ne4 Ba3
20. Rxc8 Rxc8 21. Rd1 Nd5 22. Nd4 a6 23. g3 Kf8 24. Rd2 Ke7 25. Rc2 Rd8 26.
Ne2 Nb4 27. Rc7+ Rd7 28. Rxd7+ Kxd7 29. N4c3 Bb2 30. f4 Kc6 31. Kf2 Bxc3
32. Nxc3 Kc5 33. Ke3 Nd5+ 34. Nxd5 Kxd5 35. Kd3 a5 36. a4 Kc5 37. Kc3 Kd5
38. Kd3 b6 39. Ke3 Kc5 40. Kd3 Kd5 41. Ke3 Kc5 42. Kd3 b5 43. axb5 Kxb5 44.
Kc3 Kc5 45. Kd3 Kd5 46. Ke3 f6 47. exf6 gxf6 48. g4 h6 49. h4 e5 50. Kf3
exf4 51. Kxf4 Kc5 52. Kf5 Kb4 53. Kxf6 Kxb3 54. g5 hxg5 1/2-1/2

[Event "EuTCh"]
[Site "Leon ESP"]
[Date "2001.11.09"]
[Round "4"]
[White "Narciso Dublan,M"]
[Black "Nikolaidis,I"]
[Result "1/2-1/2"]
[WhiteElo "2517"]
[BlackElo "2524"]
[EventDate "2001.11.06"]

1. d4 Nf6 2. Nf3 e6 3. e3 g6 4. c4 Bg7 5. Nc3 d6 6. Be2 O-O 7. O-O c5 8.
Re1 b6 9. e4 Bb7 10. d5 e5 11. g3 Nbd7 12. Nh4 Ne8 13. Qc2 Bf6 14. Ng2 Ng7
15. Bd3 Bc8 16. Bd2 Be7 17. Ne3 Bg5 18. Rf1 Nh5 19. a3 Ndf6 20. f3 Ne8 21.
Rf2 Neg7 22. Ng2 f5 23. Bxg5 Qxg5 24. Re1 fxe4 25. Nxe4 Qe7 26. Qd2 Bf5 27.
Ne3 Bxe4 28. Bxe4 Qg5 29. Nf1 Qxd2 30. Nxd2 Nf6 31. g4 Nd7 32. Bc2 Rf4 33.
Ne4 Ne8 34. g5 Kf7 35. Ba4 Ke7 36. b4 Rc8 37. Bc6 Ng7 38. Bxd7 Kxd7 39.
bxc5 bxc5 40. Rb1 Rc7 41. Rb8 Nf5 42. Rh8 Rb7 43. Rxh7+ Kc8 44. Rh8+ Kc7
45. Rh7+ Kc8 46. Rh8+ Kc7 47. Rh7+ 1/2-1/2

[Event "EuTCh"]
[Site "Leon ESP"]
[Date "2001.11.09"]
[Round "4"]
[White "Wedberg,T"]
[Black "Gashimov,V"]
[Result "1/2-1/2"]
[WhiteElo "2529"]
[BlackElo "2442"]
[EventDate "2001.11.06"]

1. c4 c5 2. Nc3 Nc6 3. Nf3 g6 4. a3 Bg7 5. g3 e6 6. Rb1 a5 7. Bg2 Nge7 8.
O-O O-O 9. d3 d5 10. Bd2 b6 11. Qc1 Bb7 12. Bh6 Rc8 13. Bxg7 Kxg7 14. Qf4
f6 15. cxd5 Nxd5 16. Qc4 Ba8 17. Rfd1 Qd6 18. e4 Nc7 19. d4 cxd4 20. Nxd4
Nxd4 21. Rxd4 Qe7 22. Rbd1 Rf7 23. Rd6 Bd5 24. R6xd5 exd5 25. exd5 Rd8 26.
h4 Qe5 27. Bf3 h5 28. Kg2 Re7 29. Rd3 f5 30. Ne2 Nxd5 31. Nc3 b5 32. Qb3 a4
33. Qc2 Rc7 34. Qd2 Nxc3 35. Rxd8 Ne4 36. Bxe4 1/2-1/2

[Event "EuTCh"]
[Site "Leon ESP"]
[Date "2001.11.09"]
[Round "4"]
[White "Pelletier,Y"]
[Black "Romanishin,O"]
[Result "1/2-1/2"]
[WhiteElo "2545"]
[BlackElo "2575"]
[EventDate "2001.11.06"]

1. Nf3 Nf6 2. c4 e6 3. Nc3 Bb4 4. Qb3 c5 5. g3 Nc6 6. Bg2 O-O 7. d3 d6 8.
O-O h6 9. a3 Ba5 10. e3 e5 11. Nd2 Bxc3 12. Qxc3 a5 13. b3 Be6 14. Bb2 Qd7
15. f4 Bh3 16. fxe5 dxe5 17. Rxf6 Bxg2 18. Kxg2 gxf6 19. Ne4 Qe6 20. Rf1 f5
21. Nxc5 Qe7 22. Na4 Rad8 23. Nb6 Qc5 24. Nd5 Rxd5 25. cxd5 Qxd5+ 26. Kf2
Rd8 27. Rd1 f6 28. Qc4 Kg7 29. Qxd5 Rxd5 30. a4 Rc5 31. Rc1 Nb4 32. Ke2
Rxc1 33. Bxc1 e4 34. dxe4 fxe4 35. Bd2 f5 36. Bxb4 1/2-1/2

[Event "EuTCh"]
[Site "Leon ESP"]
[Date "2001.11.09"]
[Round "4"]
[White "Malakhatko,V"]
[Black "Gallagher,Jo"]
[Result "0-1"]
[WhiteElo "2555"]
[BlackElo "2511"]
[EventDate "2001.11.06"]

1. d4 Nf6 2. Nf3 g6 3. Bg5 Bg7 4. Nbd2 O-O 5. c3 d6 6. e4 h6 7. Bh4 Qe8 8.
Bd3 e5 9. O-O Nh5 10. dxe5 dxe5 11. Re1 Nd7 12. b4 Nf4 13. Bf1 Nf6 14. Nc4
N6h5 15. Nfd2 Qe6 16. f3 Bf6 17. Bf2 Be7 18. Qc2 Qf6 19. Kh1 Kh7 20. Rad1
Qg5 21. a3 Qf6 22. Ne3 c6 23. Nec4 Ng7 24. Nb3 Nge6 25. Be3 b6 26. a4 Nc7
27. Ncd2 Nce6 28. Qa2 g5 29. Qc2 h5 30. Nc4 Ng7 31. Qf2 h4 32. a5 b5 33.
Nb2 g4 34. fxg4 Bxg4 35. Rd2 Ngh5 36. Bxa7 Be6 37. Nc5 Rg8 38. Nxe6 Qxe6
39. Be3 Ng3+ 40. Kg1 Nh3+ 41. gxh3 Nxe4+ 42. Bg2 Nxf2 43. Rxf2 f5 44. Nd3
e4 45. Nf4 Qc4 46. Ne2 Bg5 47. Bd4 Bd2 48. Ref1 e3 0-1

[Event "EuTCh"]
[Site "Leon ESP"]
[Date "2001.11.09"]
[Round "4"]
[White "Jenni,F"]
[Black "Volokitin,A"]
[Result "1-0"]
[WhiteElo "2487"]
[BlackElo "2566"]
[EventDate "2001.11.06"]

1. e4 d5 2. exd5 Nf6 3. Nf3 Nxd5 4. d4 Bf5 5. Bd3 Bxd3 6. Qxd3 e6 7. O-O
Nd7 8. c4 N5f6 9. Nc3 Be7 10. b3 O-O 11. Bb2 c6 12. Rfd1 Qa5 13. d5 cxd5
14. cxd5 exd5 15. Nxd5 Qxd5 16. Qxd5 Nxd5 17. Rxd5 Rfd8 18. Rc1 Nc5 19.
Rxd8+ Rxd8 20. Bd4 b6 21. Be3 Ne6 22. Kf1 f5 23. g3 g5 24. Rc6 Kf7 25. Ne5+
Kf6 26. Bxg5+ Kxe5 27. Bxe7 Rd7 28. Bb4 f4 29. f3 Nd4 30. Bc3 fxg3 31. hxg3
Kd5 32. Rf6 Rc7 33. Bxd4 Kxd4 34. Re6 Kd3 35. Re2 a5 36. f4 h5 37. Kf2 h4
38. gxh4 Rh7 39. Re3+ Kd4 40. Re6 Rxh4 41. Kg3 Rh1 42. Rxb6 Rg1+ 43. Kf3
Kc5 44. Rb8 Ra1 45. a4 Rb1 46. Ke4 Kd6 47. Kf5 Rf1 48. Rb5 Rf3 49. Rxa5
Rxb3 50. Kf6 Rf3 51. f5 Rf4 52. Kf7 Rb4 53. f6 Rb7+ 54. Kg6 Rb1 55. f7 1-0

[Event "EuTCh"]
[Site "Leon ESP"]
[Date "2001.11.09"]
[Round "4"]
[White "Mikhalchishin,A"]
[Black "Dydyshko,V"]
[Result "1/2-1/2"]
[WhiteElo "2533"]
[BlackElo "2516"]
[EventDate "2001.11.06"]

1. Nf3 d5 2. d4 Nf6 3. c4 e6 4. Nc3 dxc4 5. e3 a6 6. a4 c5 7. Bxc4 Nc6 8.
O-O Be7 9. Ne5 cxd4 10. Nxc6 bxc6 11. exd4 O-O 12. a5 Bb7 13. Be3 Nd5 14.
Ne4 1/2-1/2

[Event "EuTCh"]
[Site "Leon ESP"]
[Date "2001.11.09"]
[Round "4"]
[White "Pavasovic,D"]
[Black "Smetankin,S"]
[Result "1/2-1/2"]
[WhiteElo "2526"]
[BlackElo "2443"]
[EventDate "2001.11.06"]

1. e4 c5 2. c3 e6 3. d4 d5 4. exd5 exd5 5. Nf3 Nc6 6. Bb5 Bd6 7. O-O Nge7
8. dxc5 Bxc5 9. Nbd2 O-O 10. Nb3 Bb6 11. Re1 Nf5 12. Bd3 h6 13. Bc2 Be6 14.
Qd3 Qf6 15. Be3 Bxe3 16. Rxe3 g6 17. Ree1 Rad8 18. Nc5 Bc8 19. Rad1 d4 20.
Bb3 dxc3 21. Ne4 Qg7 22. Qxc3 Qxc3 23. Nxc3 Rxd1 24. Rxd1 Rd8 25. Rxd8+
Nxd8 26. Kf1 Kg7 27. Ke2 Ne6 28. Kd2 Nc5 29. Bd5 Kf6 30. b4 Na6 31. Ne4+
Ke7 32. a3 Nc7 33. Bc4 Ne8 34. Nc3 Nf6 35. Nd5+ Nxd5 36. Bxd5 Nd6 37. Nd4
g5 38. Ke3 Bd7 39. f4 f6 40. g3 Be8 41. Nf3 1/2-1/2

[Event "EuTCh"]
[Site "Leon ESP"]
[Date "2001.11.09"]
[Round "4"]
[White "Gelfand,B"]
[Black "Krasenkow,M"]
[Result "1-0"]
[WhiteElo "2701"]
[BlackElo "2592"]
[EventDate "2001.11.06"]

1. Nf3 c5 2. c4 Nc6 3. d4 cxd4 4. Nxd4 Nf6 5. g3 g6 6. Bg2 Bg7 7. O-O O-O
8. Nc3 Ng4 9. e3 d6 10. b3 Nh6 11. Nde2 Bg4 12. Bb2 Qd7 13. Qd2 Bh3 14. Nd5
Bxg2 15. Kxg2 f5 16. Bxg7 Kxg7 17. Rad1 e6 18. Qb2+ Kf7 19. Ndc3 Rad8 20.
Nb5 Qe7 21. Qa3 d5 22. cxd5 exd5 23. Qxe7+ Nxe7 24. Nf4 g5 25. Nd3 Nc6 26.
h4 gxh4 27. Rh1 Ng4 28. Rxh4 Nf6 29. Nb4 d4 30. Nxc6 bxc6 31. Rhxd4 1-0

[Event "EuTCh"]
[Site "Leon ESP"]
[Date "2001.11.09"]
[Round "4"]
[White "Kempinski,R"]
[Black "Sutovsky,E"]
[Result "0-1"]
[WhiteElo "2586"]
[BlackElo "2664"]
[EventDate "2001.11.06"]

1. d4 Nf6 2. c4 g6 3. Nc3 d5 4. Nf3 Bg7 5. cxd5 Nxd5 6. e4 Nxc3 7. bxc3 c5
8. Be3 Qa5 9. Qd2 Nc6 10. Rc1 e6 11. d5 exd5 12. exd5 Ne7 13. Bg5 h6 14.
Bf4 O-O 15. Be2 Rd8 16. c4 Qxd2+ 17. Nxd2 Nf5 18. Nb3 b6 19. g4 g5 20. Bxg5
hxg5 21. gxf5 Bxf5 22. Rg1 Re8 23. Kd2 Bg6 24. Bd3 Be5 25. Bxg6 Bf4+ 26.
Kd3 Bxc1 27. Nxc1 fxg6 28. Rxg5 Kf7 29. Ne2 Rh8 30. Rg3 Rxh2 31. Rf3+ Kg8
32. Nf4 Rf8 33. Ke3 Rh4 34. d6 Re8+ 0-1

[Event "EuTCh"]
[Site "Leon ESP"]
[Date "2001.11.09"]
[Round "4"]
[White "Avrukh,B"]
[Black "Socko,B"]
[Result "0-1"]
[WhiteElo "2606"]
[BlackElo "2564"]
[EventDate "2001.11.06"]

1. d4 Nf6 2. c4 g6 3. Nc3 Bg7 4. e4 d6 5. Be2 O-O 6. Nf3 e5 7. O-O Nc6 8.
d5 Ne7 9. Ne1 Nd7 10. Be3 f5 11. f3 f4 12. Bf2 g5 13. Rc1 Kh8 14. b4 a6 15.
c5 Rf6 16. Na4 Rh6 17. Kh1 Qe8 18. Nd3 b5 19. cxb6 cxb6 20. Bg1 b5 21. Nb6
Nxb6 22. Bxb6 Ng8 23. Nf2 Bf6 24. Ng4 Rg6 25. Nxf6 Nxf6 26. Rc6 Qf8 27. Qd3
Bd7 28. Rc7 Rb8 29. Ba5 Re8 30. Bb6 Rb8 31. Ba5 Rh6 32. Rfc1 Re8 33. Bb6
Rh5 34. Bg1 Rh4 35. Rxd7 Nxd7 36. Qc3 Nf6 37. Qc6 Qg8 38. Bd3 g4 0-1

[Event "EuTCh"]
[Site "Leon ESP"]
[Date "2001.11.09"]
[Round "4"]
[White "Oral,T"]
[Black "Kengis,E"]
[Result "1/2-1/2"]
[WhiteElo "2546"]
[BlackElo "2561"]
[EventDate "2001.11.06"]

1. e4 c5 2. Nf3 e6 3. b3 d6 4. Bb2 e5 5. Bb5+ Nc6 6. Bxc6+ bxc6 7. O-O Nf6
8. Re1 Be7 9. h3 O-O 10. c3 Nd7 11. d4 Bf6 12. Qc2 Ba6 13. Nbd2 Qc7 14.
Rad1 Rad8 15. Nc4 cxd4 16. cxd4 exd4 17. Nxd4 Rfe8 1/2-1/2

[Event "EuTCh"]
[Site "Leon ESP"]
[Date "2001.11.09"]
[Round "4"]
[White "Miezis,N"]
[Black "Navara,D"]
[Result "0-1"]
[WhiteElo "2501"]
[BlackElo "2499"]
[EventDate "2001.11.06"]

1. c4 g6 2. Nc3 c5 3. g3 Bg7 4. Bg2 Nc6 5. d3 e6 6. h4 Nf6 7. Nh3 b6 8. Nf4
h5 9. e4 Bb7 10. Nfe2 O-O 11. Bg5 Ne7 12. e5 Bxg2 13. exf6 Bxf6 14. Bxf6
Bxh1 15. Qd2 Kh7 16. Qg5 Re8 17. g4 d5 18. gxh5 dxc4 19. O-O-O Bf3 20. dxc4
Qc7 21. Be5 Qb7 22. Nf4 Rg8 23. Qf6 Nc6 24. hxg6+ fxg6 25. Nxe6 Nxe5 26.
Qxe5 Bxd1 27. Ne4 Rgf8 28. Kxd1 Rf5 29. Nf6+ Kh8 30. Qc3 Qf3+ 31. Qxf3 Rxf3
32. Ng4 Re8 33. Ng5 Rf4 34. f3 Rd4+ 35. Kc2 Rxc4+ 36. Kd3 Rd4+ 37. Kc3 Rf4
38. b3 Kg7 39. Kd3 b5 40. a3 a5 41. Ne3 Rd4+ 42. Ke2 Rxh4 0-1

[Event "EuTCh"]
[Site "Leon ESP"]
[Date "2001.11.09"]
[Round "4"]
[White "Votava,J"]
[Black "Krakops,M"]
[Result "1-0"]
[WhiteElo "2503"]
[BlackElo "2518"]
[EventDate "2001.11.06"]

1. e4 c5 2. Nf3 e6 3. d4 cxd4 4. Nxd4 a6 5. Bd3 Nf6 6. O-O Qc7 7. c4 Nc6 8.
Nxc6 dxc6 9. Be3 e5 10. h3 Be6 11. Qc2 b6 12. c5 b5 13. a4 Rd8 14. axb5
axb5 15. Nd2 Be7 16. Ra3 O-O 17. Rfa1 Rb8 18. Be2 Rfc8 19. b4 Qd8 20. Qb2
Nd7 21. Nf3 Ra8 22. Rxa8 Rxa8 23. Nxe5 Nxe5 24. Qxe5 Bf6 25. Rxa8 Qxa8 26.
Qg3 h5 27. Bxh5 Qa1+ 28. Kh2 Qe5 29. Qxe5 Bxe5+ 30. f4 Bc3 31. Bf3 f6 32.
e5 fxe5 33. fxe5 Bd7 34. e6 Bxe6 35. Bxc6 Bc4 36. Kg3 Bxb4 37. Kf4 Bc3 38.
Ke4 Bf1 39. Bd5+ Kf8 40. Kf5 Bd3+ 41. Ke6 Ke8 42. Bg5 Be1 43. Bc6+ Kf8 44.
Be7+ Kg8 45. Bd5 Kh7 46. c6 Kg6 47. Kd7 Ba5 48. c7 Bf5+ 49. Kd8 b4 50. g4
Bd3 51. Bxb4 1-0

[Event "EuTCh"]
[Site "Leon ESP"]
[Date "2001.11.09"]
[Round "4"]
[White "Sturua,Z"]
[Black "Damljanovic,B"]
[Result "1/2-1/2"]
[WhiteElo "2571"]
[BlackElo "2569"]
[EventDate "2001.11.06"]

1. d4 Nf6 2. c4 e6 3. Nc3 Bb4 4. e3 c5 5. Nf3 Nc6 6. Bd3 Bxc3+ 7. bxc3 d6
8. e4 e5 9. h3 h6 10. Be3 b6 11. d5 Ne7 12. Nd2 Nh7 13. Nf1 O-O 14. Ng3 f5
15. exf5 Nxf5 16. Nxf5 Bxf5 17. Bxf5 Rxf5 18. a4 Nf8 19. Qg4 1/2-1/2

[Event "EuTCh"]
[Site "Leon ESP"]
[Date "2001.11.09"]
[Round "4"]
[White "Jobava,Ba"]
[Black "Kovacevic,A"]
[Result "1-0"]
[WhiteElo "2556"]
[BlackElo "2553"]
[EventDate "2001.11.06"]

1. c4 c5 2. Nc3 Nc6 3. g3 g6 4. Bg2 Bg7 5. Nf3 e6 6. d3 Nge7 7. Bg5 h6 8.
Bd2 O-O 9. a3 b6 10. Rb1 d5 11. O-O Bb7 12. Qc1 Kh7 13. b4 cxb4 14. axb4
Qd7 15. b5 Nd8 16. c5 bxc5 17. Na4 c4 18. dxc4 dxc4 19. Nc5 Qc7 20. Qxc4
Bd5 21. Qb4 Rc8 22. Rbc1 Qd6 23. e4 Rxc5 24. Qxc5 Qxc5 25. Rxc5 Bxe4 26.
Ng5+ hxg5 27. Bxe4 1-0

[Event "EuTCh"]
[Site "Leon ESP"]
[Date "2001.11.09"]
[Round "4"]
[White "Vuckovic,Bo"]
[Black "Mchedlishvili,M"]
[Result "0-1"]
[WhiteElo "2466"]
[BlackElo "2518"]
[EventDate "2001.11.06"]

1. e4 c5 2. Nf3 d6 3. d4 cxd4 4. Nxd4 Nf6 5. Nc3 Nc6 6. Bg5 e6 7. Qd2 a6 8.
O-O-O Qb6 9. Nb3 Be7 10. f4 O-O 11. Bd3 Qc7 12. g4 b5 13. Bxf6 Bxf6 14. g5
Bd8 15. Ne2 b4 16. Kb1 a5 17. Nbc1 a4 18. Ng3 Qa5 19. Rhf1 Bb7 20. Qg2 b3
21. cxb3 axb3 22. a3 Nb4 23. Bc4 d5 24. Bxb3 dxe4 25. Qd2 Nd5 26. Nce2 Qb6
27. Bxd5 Bxd5 28. Nc3 Bc4 29. Rfe1 Be7 30. Rxe4 Rfc8 31. Qd4 Qb3 32. Nh5
Bf8 33. Qe5 Rxa3 34. Rxc4 Qxc4 35. bxa3 Qb3+ 36. Ka1 Rxc3 0-1

[Event "EuTCh"]
[Site "Leon ESP"]
[Date "2001.11.09"]
[Round "4"]
[White "Shaw,J"]
[Black "Kozul,Z"]
[Result "1/2-1/2"]
[WhiteElo "2499"]
[BlackElo "2569"]
[EventDate "2001.11.06"]

1. e4 c5 2. Nf3 e6 3. c3 Nf6 4. e5 Nd5 5. d4 cxd4 6. cxd4 d6 7. a3 Bd7 8.
Bd3 Bc6 9. O-O Nd7 10. b4 a6 11. Re1 Qc7 12. Nbd2 Rc8 13. Bb2 Be7 14. Rc1
Qb8 15. Nc4 b5 16. Nxd6+ Bxd6 17. exd6 Qxd6 18. Ne5 h6 19. Nxc6 Rxc6 20.
Rxc6 Qxc6 21. Qd2 O-O 22. Rc1 Qd6 23. Rc2 Rd8 24. Qc1 N7b6 25. g3 Qe7 26.
Kg2 Qb7 27. Kg1 Rd6 28. Bf1 Qd7 29. Be2 Qd8 30. Kg2 Ne7 31. Kg1 Nf5 32. Rc6
Nc4 33. Rxd6 Nfxd6 34. Bf3 Nf5 35. Bb7 Qb6 36. Be4 Nxd4 37. Kg2 e5 38. Bd5
Qd6 39. Bb7 Qd7 40. Be4 Nxb2 41. Qxb2 f5 42. Qa2+ Kf8 43. Bd5 Ke7 44. h4
Kd6 45. Ba8 Kc7 46. Qg8 Ne6 47. Bf3 g5 48. Qh8 e4 49. Bh5 gxh4 50. Qe5+ Qd6
51. Qxf5 hxg3 52. Bg4 Ng5 53. fxg3 Kc6 54. Qf2 Kb7 55. Qe3 Qe5 56. Kf2 Nf7
57. Qc1 Qf6+ 58. Kg2 Qc6 59. Qe3 Qd5 60. Kf2 Ne5 61. Be2 Qc6 62. Qd4 Nc4
63. Qg7+ Kb8 64. Qh8+ Kc7 1/2-1/2

[Event "EuTCh"]
[Site "Leon ESP"]
[Date "2001.11.09"]
[Round "4"]
[White "Muir,A"]
[Black "Zelcic,R"]
[Result "0-1"]
[WhiteElo "2313"]
[BlackElo "2547"]
[EventDate "2001.11.06"]

1. d4 Nf6 2. c4 e6 3. Nc3 Bb4 4. e3 b6 5. Bd3 Bb7 6. Nf3 O-O 7. O-O c5 8.
Na4 Qe7 9. a3 Ba5 10. dxc5 bxc5 11. Nxc5 Qxc5 12. b4 Qc7 13. Bb2 d6 14.
Bxf6 gxf6 15. Nd4 f5 16. bxa5 Nd7 17. Qh5 Kh8 18. Nxf5 Ne5 19. Nxd6 Nxd3
20. Qh4 Rg8 21. Qf6+ Rg7 22. Nxb7 Qxb7 23. f3 Rag8 24. Rab1 Qe7 25. Qc3 Qg5
0-1

[Event "EuTCh"]
[Site "Leon ESP"]
[Date "2001.11.09"]
[Round "4"]
[White "Moreno Carnero,J"]
[Black "Ftacnik,L"]
[Result "1/2-1/2"]
[WhiteElo "2514"]
[BlackElo "2566"]
[EventDate "2001.11.06"]

1. e4 c5 2. Nf3 d6 3. d4 cxd4 4. Nxd4 Nf6 5. Nc3 a6 6. Be2 e6 7. O-O Be7 8.
f4 Qc7 9. Be3 Nc6 10. Qe1 O-O 11. Qg3 Nxd4 12. Bxd4 b5 13. a3 Bb7 14. Kh1
Bc6 15. Rad1 Qb7 16. Bf3 Rad8 17. Rfe1 Kh8 18. Rd3 Rg8 19. Qh3 b4 20. axb4
Qxb4 21. Red1 1/2-1/2

[Event "EuTCh"]
[Site "Leon ESP"]
[Date "2001.11.09"]
[Round "4"]
[White "Stohl,I"]
[Black "Arizmendi Martinez,J"]
[Result "1/2-1/2"]
[WhiteElo "2534"]
[BlackElo "2503"]
[EventDate "2001.11.06"]

1. d4 Nf6 2. c4 g6 3. g3 Bg7 4. Bg2 O-O 5. Nc3 d6 6. Nf3 Nbd7 7. O-O e5 8.
e4 exd4 9. Nxd4 Re8 10. h3 a6 11. Be3 Rb8 12. a4 Ne5 13. b3 Bd7 14. Ra2 h5
15. Rd2 Qc8 16. f4 Nc6 17. Kh2 h4 18. gxh4 Nh5 19. Nd5 Qd8 20. Nf5 Bxf5 21.
exf5 Rxe3 22. Nxe3 Qxh4 23. Qg4 Qxg4 24. hxg4 Nxf4 25. Nd5 Be5 26. Kh1 g5
27. f6 Nd4 28. Nxf4 Nxb3 29. Rd3 Nc5 30. Rh3 Bxf4 31. Bd5 Re8 32. Rh6 c6
33. Rg6+ Kf8 34. Rh6 Kg8 35. Rg6+ 1/2-1/2

[Event "EuTCh"]
[Site "Leon ESP"]
[Date "2001.11.09"]
[Round "4"]
[White "Del Rio Angelis,S"]
[Black "Timoscenko,G"]
[Result "1-0"]
[WhiteElo "2489"]
[BlackElo "2519"]
[EventDate "2001.11.06"]

1. d4 Nf6 2. c4 e6 3. Nf3 b6 4. g3 Ba6 5. Nbd2 d5 6. Bg2 Be7 7. O-O O-O 8.
b3 Bb7 9. Bb2 a5 10. Qc2 Na6 11. Rac1 c5 12. Rfd1 Qc8 13. Qb1 Rd8 14. Bh3
dxc4 15. Nxc4 Be4 16. Qa1 Qb7 17. Ng5 Bd5 18. Ne5 Rf8 19. f3 Nd7 20. Ngxf7
Rxf7 21. Nxf7 Kxf7 22. e4 Bc6 23. d5 exd5 24. exd5 Bxd5 25. Rxd5 Qxd5 26.
Rd1 Qg5 27. Rxd7 Rd8 28. Qe1 Rxd7 29. Bxd7 Nb4 30. Be6+ Kf8 31. Qe4 Bf6 32.
Bd7 Qg6 33. Bf5 Qe8 34. Bxf6 gxf6 35. Qxe8+ Kxe8 36. a3 Nc6 37. Bxh7 Nd4
38. Bg8 Nxf3+ 39. Kg2 Ne1+ 40. Kf2 Nc2 41. a4 Nd4 42. Bc4 Nf5 43. Kf3 Nd6
44. Bd3 Kf7 45. Kf4 Ke6 46. g4 Kd5 47. h4 Kd4 48. Bg6 b5 49. h5 bxa4 50.
bxa4 c4 51. h6 c3 52. h7 Nf7 53. Bc2 Nh8 54. Kf5 Ke3 55. Kxf6 Kd2 56. Bf5
1-0

[Event "EuTCh"]
[Site "Leon ESP"]
[Date "2001.11.09"]
[Round "4"]
[White "Likavsky,T"]
[Black "Herraiz Lopez,H"]
[Result "0-1"]
[WhiteElo "2403"]
[BlackElo "2435"]
[EventDate "2001.11.06"]

1. d4 Nf6 2. c4 g6 3. Nc3 Bg7 4. e4 d6 5. Nf3 O-O 6. Be2 Na6 7. O-O e5 8.
Re1 c6 9. Rb1 exd4 10. Nxd4 Re8 11. Bf1 Ng4 12. h3 Qb6 13. hxg4 Qxd4 14.
Qf3 Qe5 15. g5 Nc5 16. Bf4 Qe7 17. Qg3 Be5 18. Rbd1 f6 19. gxf6 Qxf6 20.
Bg5 Qf7 21. Qh4 Ne6 22. Be3 Kh8 23. Ne2 g5 24. Qh1 Nf4 25. b3 c5 26. Ng3
Bg4 27. Be2 Nxe2+ 28. Nxe2 Qg7 29. f3 Re6 30. Kf2 Rh6 31. Qg1 Rf8 32. Rf1
Bh2 33. Qh1 Bf4 34. Qg1 Bh2 35. Qh1 Bd7 36. Ke1 b5 37. Bd2 bxc4 38. bxc4
Kg8 39. Bc3 Qf7 40. Rd5 Qe7 41. Rf2 Be6 42. g3 Bxd5 43. cxd5 Rb8 44. Bd2
Qe5 45. Bc1 Rb1 46. Kd2 Qa1 47. Qd1 Qxa2+ 48. Qc2 Qa5+ 49. Kd1 Qb4 50. Qd2
Qxd2+ 51. Kxd2 Rh3 52. Rg2 Rb3 53. Kc2 Rxf3 54. Bxg5 Kf7 55. Bf4 Ke7 56.
Kd2 h5 57. Ke1 Kd7 58. Rf2 Rd3 59. Kf1 h4 60. gxh4 Rdf3 61. Bg5 Rxf2+ 62.
Kxf2 Be5 63. Kg2 Rh2+ 64. Kf3 a5 65. Nf4 a4 66. Ng6 a3 67. Nxe5+ dxe5 68.
Kg3 Rxh4 69. Kxh4 a2 70. Kg4 a1=Q 71. Kf5 Kd6 0-1

[Event "EuTCh"]
[Site "Leon ESP"]
[Date "2001.11.09"]
[Round "4"]
[White "Spasov,V"]
[Black "Bogdanovski,V"]
[Result "1-0"]
[WhiteElo "2569"]
[BlackElo "2430"]
[EventDate "2001.11.06"]

1. e4 d6 2. d4 Nf6 3. Nc3 g6 4. Bg5 Bg7 5. Qd2 h6 6. Bh4 g5 7. Bg3 Nh5 8.
O-O-O Nd7 9. Bc4 e6 10. f4 Nb6 11. Bb3 Bd7 12. Bf2 Nxf4 13. Nge2 Nxe2+ 14.
Qxe2 Qe7 15. a4 a5 16. Kb1 O-O-O 17. Nb5 Na8 18. Be1 b6 19. Bg3 Kb7 20.
Rhf1 Be8 21. d5 Be5 22. Nd4 Bxd4 23. Rxd4 exd5 24. Bxd5+ c6 25. Bb3 Nc7 26.
Qd2 d5 27. exd5 cxd5 28. Rd3 Bc6 29. Rdf3 Rhf8 30. Rf6 Ne6 31. Qe3 Rd7 32.
Rxh6 Qc5 33. Qe5 Re8 34. Rhf6 Nc7 35. Qxg5 Ree7 36. Qd2 1-0

[Event "EuTCh"]
[Site "Leon ESP"]
[Date "2001.11.09"]
[Round "4"]
[White "Jacimovic,D"]
[Black "Cheparinov,I"]
[Result "1-0"]
[WhiteElo "2486"]
[BlackElo "2461"]
[EventDate "2001.11.06"]

1. d4 Nf6 2. c4 g6 3. Nc3 Bg7 4. e4 d6 5. Be2 c5 6. Nf3 O-O 7. O-O Nc6 8.
d5 Na5 9. Bd2 Bg4 10. b3 e5 11. Ne1 Bd7 12. Nd3 Ne8 13. Qe1 a6 14. Nd1 b6
15. Bc3 Nf6 16. f3 Qe7 17. N1f2 Nb7 18. Qd2 Rae8 19. Rab1 b5 20. a3 h5 21.
b4 bxc4 22. Nb2 cxb4 23. axb4 Bb5 24. Bxc4 Qc7 25. Bxb5 axb5 26. Rfc1 Qb6
27. Qd3 Bh6 28. Bd2 Bxd2 29. Qxd2 Rc8 30. h4 Kg7 31. g3 Ng8 32. Kg2 Ne7 33.
g4 Rxc1 34. Rxc1 Rh8 35. g5 Ra8 36. Nbd3 Qd8 37. Qb2 Kg8 38. Rc2 Rc8 39.
Rxc8 Qxc8 40. Qa1 Qb8 41. Qa6 Nd8 42. Qa5 Kg7 43. f4 exf4 44. Nxf4 Kf8 45.
Ne2 Ke8 46. Nd4 Nc8 47. Qxb5+ Qxb5 48. Nxb5 Kd7 49. Nd3 Nb6 50. Kf3 Nc4 51.
Kf4 Nb7 52. e5 Ke7 53. Nc3 Kd7 54. Ne4 Ke7 55. exd6+ Nbxd6 56. Ne5 Nb6 57.
Nxd6 Kxd6 58. Nxf7+ Ke7 59. Ne5 Nxd5+ 60. Ke4 Nxb4 61. Nxg6+ Kf7 62. Nf4
Nc6 63. Nxh5 Ne7 64. Nf4 Kg7 65. h5 Ng8 66. Nd5 Kf7 67. Kf5 Kg7 68. Ke6 Kh8
69. Kf7 1-0

[Event "EuTCh"]
[Site "Leon ESP"]
[Date "2001.11.09"]
[Round "4"]
[White "Fernandes,An"]
[Black "Stefansson,H"]
[Result "1/2-1/2"]
[WhiteElo "2457"]
[BlackElo "2575"]
[EventDate "2001.11.06"]

1. d4 Nf6 2. c4 e6 3. Nf3 b6 4. g3 Ba6 5. Nbd2 Bb7 6. Bg2 c5 7. e4 cxd4 8.
e5 Ne4 9. O-O Nxd2 10. Bxd2 Be7 11. Nxd4 Bxg2 12. Kxg2 Nc6 13. Nxc6 dxc6
14. Be3 1/2-1/2

[Event "EuTCh"]
[Site "Leon ESP"]
[Date "2001.11.09"]
[Round "4"]
[White "Kristjansson,S"]
[Black "Frois,A"]
[Result "1/2-1/2"]
[WhiteElo "2374"]
[BlackElo "2367"]
[EventDate "2001.11.06"]

1. e4 c5 2. Nf3 Nc6 3. Bb5 g6 4. Bxc6 dxc6 5. d3 Bg7 6. h3 e5 7. Nc3 Qe7 8.
Be3 Nf6 9. Qd2 O-O 10. Bh6 b6 11. O-O-O a5 12. Nh2 Bxh6 13. Qxh6 Nh5 14.
Ne2 Be6 15. g4 Ng7 16. f4 exf4 17. Nxf4 f6 18. Kb1 a4 19. Nf3 a3 20. b3 Bf7
21. e5 Bd5 22. Nxd5 cxd5 23. Rde1 Ne6 1/2-1/2